000 00630nam a2200277Ia 4500
005 20260324144632.0
008 008 260324s9999 xx 000 0 eng d
020 _a9781315076416
037 _aEBOOK
040 _aCRL
040 _beng
040 _cCRL
041 _2eng
041 _aeng
084 _qCRL
100 _aBertrand Jackson
_91220054
245 0 _aJewish Law Annual (Vol 6)
260 _bTaylor and Francis
260 _c1987
365 _a
365 _b230
856 _uhttp://www.taylorfrancis.com/books/9781315076416
942 _cEBOOK
999 _c1826909
_d1826909